000 01544cam a22004694i 4500
003 PE-LiUPU
005 20250731173256.0
008 150616s r 000 0 d
035 _a(Sirsi) a3576
040 _aPE-LiUPU
_bspa
_cPE-LiUPU
_erda
049 _aPRUA
082 0 4 _a261.83
_bL59
_221
100 1 _aLibânio, J. B.,
_eautor.
245 1 4 _aLas grandes rupturas socio-culturales y eclesiales.
264 1 _aBogotá :
_bCLAR,
_c1982.
300 _a168 páginas ;
_c21 cm.
336 _atext
_2rdacontent
337 _aunmediated
_2rdamedia
338 _avolume
_2rdacarrier
490 0 _aColección perspectivas - CLAR ;
_v12
504 _aNotas Bibliograficas.
505 0 _aPlanteamiento del problema -- La ruptura del concilio Vaticano II -- La ruptura de Medellín-Puebla.
526 _aSEG42
526 _aSEG41
526 _aSEG40
526 _aSEG39
526 _aP94
526 _aP87
526 _aP86
526 _aP85
526 _aP77
526 _aP76
526 _aP35
650 0 4 _aTEOLOGIA SOCIAL.
910 _ajck
_bjvq
_cjck
942 _2ddc
_cBOOK
949 _a261.83 L59
_wDEWEY
_c1
_i28529
_lCCODEBUL1
_mBUL
_p00.00
_r0
_sY
_tBOOK
_u2015-04-23
_xTEOLOGIA
_zUNKNOWN
_0COMPRA
_o.STAFF. Colección General
994 _aC0
_bPEPRU
596 _a1
999 _a261.83 L59
_wDEWEY
_c43759
_i28529
_f2021-11-12
_g5
_lCCODEBUL1
_mBUL
_r0
_sY
_tBOOK
_u2015-4-23
_xTEOLOGIA
_zUNKNOWN
_0COMPRA
_o.STAFF. Colección General
_d43759
980 _81
_gALBERTO SANCHEZ Responsable de Automatización